<?xml version="1.0" encoding="UTF-8"?>
<record
    xmlns:xsi="http://www.w3.org/2001/XMLSchema-instance"
    xsi:schemaLocation="http://www.loc.gov/MARC21/slim http://www.loc.gov/standards/marcxml/schema/MARC21slim.xsd"
    xmlns="http://www.loc.gov/MARC21/slim">

  <leader>00661nas a22002057a 4500</leader>
  <controlfield tag="005">20260507133147.0</controlfield>
  <controlfield tag="008">260507d2010    porux|pe g||| 00| z0por d</controlfield>
  <datafield tag="040" ind1=" " ind2=" ">
    <subfield code="c">BR_ViAPE</subfield>
  </datafield>
  <datafield tag="110" ind1=" " ind2=" ">
    <subfield code="a">A Gazeta</subfield>
  </datafield>
  <datafield tag="245" ind1=" " ind2=" ">
    <subfield code="a">A Gazeta Caderno Especial: </subfield>
    <subfield code="b">dia internacional do cooperativismo</subfield>
  </datafield>
  <datafield tag="260" ind1=" " ind2=" ">
    <subfield code="a">Vit&#xF3;ria</subfield>
    <subfield code="b">A Gazeta</subfield>
    <subfield code="c">2010-</subfield>
  </datafield>
  <datafield tag="300" ind1=" " ind2=" ">
    <subfield code="a">v.</subfield>
    <subfield code="b">il.</subfield>
  </datafield>
  <datafield tag="362" ind1=" " ind2=" ">
    <subfield code="a">jul. 2010</subfield>
  </datafield>
  <datafield tag="500" ind1=" " ind2=" ">
    <subfield code="a">Disponibilizada apenas a imagem da capa na vers&#xE3;o digital, em virtude de restri&#xE7;&#xF5;es de direitos autorais.</subfield>
  </datafield>
  <datafield tag="650" ind1=" " ind2=" ">
    <subfield code="a">Cooperativismo</subfield>
    <subfield code="x">Agroneg&#xF3;cio</subfield>
    <subfield code="x">Transportes</subfield>
    <subfield code="x">Caf&#xE9;</subfield>
  </datafield>
  <datafield tag="651" ind1=" " ind2=" ">
    <subfield code="a">Esp&#xED;rito Santo</subfield>
    <subfield code="v">Per&#xF3;dicos</subfield>
  </datafield>
  <datafield tag="710" ind1=" " ind2=" ">
    <subfield code="a">A Gazeta</subfield>
  </datafield>
  <datafield tag="942" ind1=" " ind2=" ">
    <subfield code="2">ddc</subfield>
    <subfield code="c">PER</subfield>
    <subfield code="n">1</subfield>
  </datafield>
  <datafield tag="999" ind1=" " ind2=" ">
    <subfield code="c">597</subfield>
    <subfield code="d">597</subfield>
  </datafield>
  <datafield tag="952" ind1=" " ind2=" ">
    <subfield code="0">0</subfield>
    <subfield code="1">0</subfield>
    <subfield code="2">ddc</subfield>
    <subfield code="4">0</subfield>
    <subfield code="7">0</subfield>
    <subfield code="a">HDIG.APEES</subfield>
    <subfield code="b">HDIG.APEES</subfield>
    <subfield code="d">2026-05-07</subfield>
    <subfield code="l">0</subfield>
    <subfield code="r">2026-05-07 13:31:58</subfield>
    <subfield code="w">2026-05-07</subfield>
    <subfield code="y">PER</subfield>
  </datafield>
</record>
